000 01112nam a22003257a 4500
001 BR7302012
003 BR-BrBNA
005 20230928083914.0
007 ta
008 230509b bl.||||| |||| 00| 0 por d
040 _aBR-BrBNA
_bpor
_cBiblioteca Nacional de Agricultura
041 _a(Por)
072 _aH60
_b0336
_b1910
_b/G514
090 _ 0336 BR7302012
100 1 _aSchreiner, H.G.
100 1 _aHastings, R.E.
110 1 _aUniversidade Federal do Rio Grande do Sul, Porto Alegre (Brasil). Faculdade de Agronomia e Veterinaria
_911161
245 1 _aEfeito do preparo do solo, herbicidas e metodos de semeadura no estabelecimento de soja perene, Glycine javanica L., e capim pensacola, Paspalum saurae (Parodi)Parodi - em pastagem natural
_bParte de tese
260 3 _aPorto Alegre, RS (Brasil):
_c1972.
300 _a65 p.
500 _a18 tables; 47 ref.; Summaries (Eng, Por)
650 _aSOJA
650 _aCAPIM PENSACOLA
650 _aPASTAGEM
650 _aHERBICIDA
650 _aERVA DANINHA
650 _aSEMEADURA
909 _a202309
_bLucia
_c55
_dLucia Elande
942 _cBK
999 _c15771
_d15771